| 000 | 00778nam a22002895i 4500 | ||
|---|---|---|---|
| 999 |
_c527021 _d527021 |
||
| 001 | 19778443 | ||
| 003 | NUST | ||
| 005 | 20190718083157.0 | ||
| 008 | 170710s2017 nyu 000 0 eng | ||
| 010 | _a 2017948184 | ||
| 020 | _a9788122425772 | ||
| 038 | _aArshad | ||
| 040 |
_aDLC _beng _erda _cDLC |
||
| 042 | _apcc | ||
| 082 |
_a004.6 _bSHI |
||
| 100 |
_aShinde, S.S. _918081 |
||
| 245 | 0 | 0 |
_aComputer network / _cS.S. Shinde |
| 264 | 1 |
_aNew Delhi : _bNew age international publisher, _c2009 |
|
| 300 | _a404p. | ||
| 336 |
_atext _btxt _2rdacontent |
||
| 337 |
_aunmediated _bn _2rdamedia |
||
| 338 |
_avolume _bnc _2rdacarrier |
||
| 650 | _2Computer Network | ||
| 906 |
_a0 _bibc _corignew _d2 _eepcn _f20 _gy-gencatlg |
||
| 942 |
_2ddc _cBK |
||